| 000 | 00437nam a2200157 a 4500 | ||
|---|---|---|---|
| 005 | 20140414132116.0 | ||
| 008 | 111011s19uu xx 00 eng d | ||
| 020 | _a9781845386634 | ||
| 050 |
_aREF 612 _bR56 2007 |
||
| 100 | _aRobinson, Richard, 1950- | ||
| 245 |
_aThe human body / _cRichard Robinson. |
||
| 260 |
_aLondon : _bQED, _c2007. |
||
| 440 | _a Super science | ||
| 650 |
_aBody, Human _xJuvenile literature. |
||
| 999 |
_c114903 _d114903 |
||